000 01064nam a2200313 i 4500
003 EG-GICUC
005 20260121101235.0
008 251117s1969 fr d|||fr||| 0001 0 fre d
040 _aEG-GiCUC
_bfre
_cEG-GiCUC
_dEG-GiCUC
_eRda
041 0 _afre
082 0 4 _221
_a338.9
_bBA . R
092 0 4 _221
099 _aLaw1 13 338.9 BA . R 1969
100 1 _aBairoch, Paul
_eAuteur
245 1 0 _aRévolution Industriele Et Sous-développement /
_cPaul Bairoch.
250 _aTroisième Édition,
_bAlgmenté D'in Index
264 1 _aParis :
_bSociété D'edition D'enseignement Supérieur,
_c1969.
300 _a369 page :
_btableaux ;
_c 24cm.
336 _2rda contenu
_a texte
337 _2rda medias
_aOrdinateur
338 _2 transporteur rda
_a Ressource en ligne
504 _aBibliographie : pages 349-360 et index.
546 _aTexte en français
650 1 4 _aFinances publiques et législation fiscale
_2qrmak
651 1 _2qrmak
856 4 0 _uhttps://fll.law.cu.edu.eg/fulltext/bks/B13-07497.pdf
905 _a70
942 _2ddc
_cBK
_e21
_n0
999 _c43975
_d43975